Clic 1 chanson -> 1 film de Disney - Statistiques

Statistiques générales
  • Ce quiz a été pris 902 fois
  • Le résultat moyen est 13 sur 16
Statistiques - réponses
Hint Réponse % Correct
Ne parlons pas de Bruno Encanto
92%
Je voudrais un bonhomme de neige La Reine des Neiges
92%
Il en faut peu pour être heureux Le Livre de la Jungle
92%
Sifflez en travaillant Blanche Neige et les Sept Nains
89%
De zéro en héros Hercule
86%
Supercalifragilisticexpialidocious Mary Poppins
86%
Comme un homme Mulan
84%
L'air du vent Pocahontas
84%
Bibbidi-Bobbidi-Boo Cendrillon
83%
L'amour brille sous les étoiles Le Roi Lion
80%
Je suis ton ami Toy Story
79%
Le bleu lumière Vaiana, la Légende du bout du monde
79%
Histoire éternelle La Belle et la Bête
74%
Partir là-bas La Petite Sirène
71%
Je suis ton meilleur ami Aladdin
70%
Je voudrais Raiponce
44%
Aucun quiz correspondant
Distribution des résultats
% des personnes avec chaque résultat
Percentile par nombre de réponses
Votre historique - résultats
Vous n’avez pas pris ce quiz